00978 2200457 4500001002100000008004100021035002000062245003500082100001900117250000600136260003000142300001200172084001400184082000800198650001400206990001200220990001200232990001200244990001200256990001200268990001200280990001200292990001200304990001200316990001200328990001200340990001200352990001200364990001200376990001200388990001200400990001200412990001200424990001200436990001200448990001200460990001200472990001200484990001200496990001200508INLIS000000000001241 ind  a0010-0524000476 aKimia Kelas XIIcMichael Purba aPurba, Michael a1 aJakarta :bErlanggac2016 a388 hlm a540 MIC k a540 aNon Fiksi a0744972 a0744973 a0744974 a0744975 a0744976 a0744977 a0744978 a0744979 a0744980 a0744981 a0744982 a0744983 a0744984 a0744985 a0744986 a0744987 a0744988 a0744989 a0744990 a0744991 a0744992 a0744993 a0744994 a0744995 a0744996